000 00543nam a22001817a 4500
999 _c11461
_d11461
003 AR-CdUCM
008 190404b ||||| |||| 00| 0 spa d
040 _aMUNICIPALIDAD PROVINCIAL DEL CUSCO
_cBIBLIOTECA MUNICIPAL DEL CUSCO
082 _aEP / 803 /
_bU42
245 _aCuƩntame un cuento /
260 _aLima :
_bUNICEF,
_c2007.
300 _a46 paginas ;
_bIlustraciones,
_c21 cm.
505 _aContenido :Cuentos infantiles /
650 _aEducación primaria
_91561
650 _aCuentos
_9217
942 _2ddc
_cLIBROS
945 _arjall